[Event "Madrid ch 2022-2023 Final"]
[Site "Madrid ESP"]
[Date "2023.05.22"]
[Round "1.1"]
[White "Plazuelo Pascual, Juan"]
[Black "Fernandez Rosado, Roberto"]
[Result "1-0"]
[WhiteElo "2459"]
[BlackElo "2126"]
[PlyCount "57"]
[EventDate "2023.05.22"]
[EventType "swiss"]
[EventRounds "7"]
[SourceTitle "Ajedrez en Madrid"]
[Source "lmi"]
[SourceDate "2023.05.22"]
[SourceVersion "1"]
[SourceVersionDate "2023.05.29"]
[SourceQuality "1"]

1. d4 d5 2. c4 e6 3. Nf3 Be7 4. Nc3 Nf6 5. Bg5 O-O 6. e3 b6 7. Qc2 Bb7 8. Bxf6
Bxf6 9. cxd5 exd5 10. Bd3 h6 11. O-O-O Nc6 12. a3 Ne7 13. g4 g6 14. Ne5 c5 15.
f4 cxd4 16. exd4 Bxe5 17. fxe5 Bc8 18. Rdf1 Nc6 19. Rf4 Qg5 20. Qf2 Be6 21. h4
Qe7 22. Kb1 a6 23. Rf6 Kg7 24. Ne2 Qd7 25. Nf4 Ne7 26. Nxe6+ fxe6 27. Rf1 Qe8
28. Rxf8 Qxf8 29. Qf6+ 1-0

[Event "Madrid ch 2022-2023 Final"]
[Site "Madrid ESP"]
[Date "2023.05.22"]
[Round "1.2"]
[White "Rodriguez Avila, Alvaro"]
[Black "Moreno Ruiz, Javier"]
[Result "1-0"]
[WhiteElo "2114"]
[BlackElo "2430"]
[PlyCount "87"]
[EventDate "2023.05.22"]
[EventType "swiss"]
[EventRounds "7"]
[SourceTitle "Ajedrez en Madrid"]
[Source "lmi"]
[SourceDate "2023.05.22"]
[SourceVersion "1"]
[SourceVersionDate "2023.05.29"]
[SourceQuality "1"]

1. e4 c5 2. Nf3 e6 3. d4 cxd4 4. Nxd4 Nf6 5. Bd3 Nc6 6. Nxc6 dxc6 7. Nd2 e5 8.
O-O Bc5 9. Nc4 Qe7 10. Qf3 b5 11. Ne3 g6 12. a4 Rb8 13. axb5 cxb5 14. b4 Bd4
15. c3 Bb6 16. Bxb5+ Kf8 17. Nc4 Kg7 18. Nxb6 axb6 19. Bg5 h6 20. Ra7 Rb7 21.
Bxf6+ Qxf6 22. Qxf6+ Kxf6 23. Rfa1 Rxa7 24. Rxa7 Be6 25. Rc7 Ra8 26. f3 Ra3 27.
Kf2 Ra2+ 28. Kg3 Rc2 29. Bd3 Rc1 30. Ba6 g5 31. Bc8 Bb3 32. h4 gxh4+ 33. Kxh4
Rc2 34. Bh3 b5 35. Bd7 Rxg2 36. Bxb5 Bd1 37. Bc4 Rg7 38. b5 Bxf3 39. Bd5 h5 40.
b6 Rg4+ 41. Kh3 Bxe4 42. b7 Bf5 43. Rxf7+ Kg5 44. Rxf5+ 1-0

[Event "Madrid ch 2022-2023 Final"]
[Site "Madrid ESP"]
[Date "2023.05.22"]
[Round "1.3"]
[White "Suarez Uriel, Adrian"]
[Black "Torres Rebolledo, Alvaro"]
[Result "1-0"]
[WhiteElo "2371"]
[BlackElo "2082"]
[PlyCount "71"]
[EventDate "2023.05.22"]
[EventType "swiss"]
[EventRounds "7"]
[SourceTitle "Ajedrez en Madrid"]
[Source "lmi"]
[SourceDate "2023.05.22"]
[SourceVersion "1"]
[SourceVersionDate "2023.05.29"]
[SourceQuality "1"]

1. c4 e5 2. Nc3 Bb4 3. e4 Nf6 4. Nf3 O-O 5. Qc2 d6 6. Be2 a5 7. O-O Nc6 8. Nd5
Bc5 9. d4 Nxd4 10. Nxd4 Nxd5 11. cxd5 Bxd4 12. Be3 f5 13. Bxd4 exd4 14. Bd3 f4
15. Rfe1 Qg5 16. f3 Qe5 17. Qxc7 h5 18. Rac1 h4 19. h3 Qg5 20. Kh1 Qg3 21. Bf1
b6 22. Red1 Kh7 23. Qxb6 Rf6 24. Qxd4 Rg6 25. Rd2 Rb8 26. Qf2 Qg5 27. Bd3 Qe5
28. Bf1 Rg3 29. Qa7 Rb7 30. Qa8 Bxh3 31. Qxb7 Bg4 32. fxg4 f3 33. Qd7 fxg2+ 34.
Bxg2 Rxg2 35. Rxg2 h3 36. Qf5+ 1-0

[Event "Madrid ch 2022-2023 Final"]
[Site "Madrid ESP"]
[Date "2023.05.22"]
[Round "1.4"]
[White "Rodriguez Melendez, Juan Humbert"]
[Black "Neagu, Roberto Florin"]
[Result "0-1"]
[WhiteElo "2069"]
[BlackElo "2278"]
[PlyCount "92"]
[EventDate "2023.05.22"]
[EventType "swiss"]
[EventRounds "7"]
[SourceTitle "Ajedrez en Madrid"]
[Source "lmi"]
[SourceDate "2023.05.22"]
[SourceVersion "1"]
[SourceVersionDate "2023.05.29"]
[SourceQuality "1"]

1. d4 Nf6 2. c4 e6 3. g3 c5 4. d5 exd5 5. cxd5 d6 6. Nc3 g6 7. Bg2 Bg7 8. Nf3
O-O 9. O-O Re8 10. Bf4 Bf5 11. Nh4 Bg4 12. h3 Nh5 13. Bd2 Bd7 14. Qb3 b6 15.
Rfe1 Na6 16. a4 Nc7 17. Nf3 f5 18. Bg5 Qb8 19. e4 b5 20. exf5 gxf5 21. Rxe8+
Bxe8 22. Nh4 bxa4 23. Qc2 Qb3 24. Qxb3 axb3 25. Bd2 Bd7 26. Bf1 a5 27. Bd3 a4
28. Nxf5 Be5 29. Kh2 Nf6 30. Ne3 Kf8 31. Bc4 Bxc3 32. Bxc3 Ne4 33. Be1 Bb5 34.
f3 Nf6 35. Bc3 Bxc4 36. Bxf6 Bxd5 37. Rd1 Bf7 38. Rxd6 Ne8 39. Rb6 Nxf6 40.
Rxf6 a3 41. bxa3 Rb8 42. Nf1 b2 43. Nd2 Rd8 44. Nb1 Rd1 45. Nc3 Rc1 46. Rb6
Rc2+ 0-1

[Event "Madrid ch 2022-2023 Final"]
[Site "Madrid ESP"]
[Date "2023.05.22"]
[Round "1.5"]
[White "Horcajuelo Rocamora, Martin"]
[Black "Barraza Caracuel, Ignacio"]
[Result "1/2-1/2"]
[WhiteElo "2274"]
[BlackElo "2042"]
[PlyCount "160"]
[EventDate "2023.05.22"]
[EventType "swiss"]
[EventRounds "7"]
[SourceTitle "Ajedrez en Madrid"]
[Source "lmi"]
[SourceDate "2023.05.22"]
[SourceVersion "1"]
[SourceVersionDate "2023.05.29"]
[SourceQuality "1"]

1. d4 Nf6 2. c4 c5 3. d5 b5 4. cxb5 g6 5. Nc3 Bg7 6. Nf3 d6 7. a4 a6 8. e4 O-O
9. h3 axb5 10. Bxb5 Ba6 11. Qe2 Bxb5 12. Nxb5 Na6 13. Bd2 Nc7 14. Nxc7 Qxc7 15.
Bc3 Rfb8 16. O-O Nd7 17. Qc2 Qb7 18. Rfb1 Qb3 19. Qxb3 Rxb3 20. Nd2 Rb7 21.
Bxg7 Kxg7 22. b3 Ne5 23. Rc1 Rb4 24. Rc3 f5 25. f3 fxe4 26. fxe4 Rd4 27. Ra2 e6
28. dxe6 Kf6 29. Kf1 Kxe6 30. Ke2 Rb4 31. Ke3 Rab8 32. Ra3 Nc6 33. a5 R4b5 34.
Nc4 Ra8 35. Rd3 Nd4 36. Rxd4 cxd4+ 37. Kxd4 Ra6 38. Kc3 h5 39. Ra2 h4 40. b4
Rg5 41. Rb2 Rb5 42. Kb3 Ra8 43. Rd2 Rd8 44. Ka4 Rbb8 45. b5 d5 46. exd5+ Rxd5
47. Re2+ Kd7 48. Nb6+ Rxb6 49. axb6 Rd1 50. Ra2 Kc8 51. Rf2 Kb7 52. Rf7+ Kb8
53. Rg7 Rd6 54. b7 Rf6 55. Ka5 Re6 56. b6 Re2 57. Rxg6 Rb2 58. Ka6 Rxg2 59. Rh6
Ra2+ 60. Kb5 Rb2+ 61. Kc5 Rc2+ 62. Kd5 Kxb7 63. Rxh4 Kxb6 64. Rd4 Rc5+ 65. Ke6
Rh5 66. h4 Kc5 67. Rf4 Rh8 68. Rf5+ Kd4 69. h5 Ke4 70. Ra5 Kf4 71. Kf6 Kg4 72.
Kg6 Rg8+ 73. Kh7 Rb8 74. h6 Rb7+ 75. Kh8 Rb8+ 76. Kg7 Rb7+ 77. Kf8 Rh7 78. Ra6
Kg5 79. Kg8 Rxh6 80. Rxh6 Kxh6 1/2-1/2

[Event "Madrid ch 2022-2023 Final"]
[Site "Madrid ESP"]
[Date "2023.05.22"]
[Round "1.6"]
[White "Martinez Garcia, Ruben"]
[Black "Rey Martinez, Jaime"]
[Result "0-1"]
[WhiteElo "2030"]
[BlackElo "2217"]
[PlyCount "144"]
[EventDate "2023.05.22"]
[EventType "swiss"]
[EventRounds "7"]
[SourceTitle "Ajedrez en Madrid"]
[Source "lmi"]
[SourceDate "2023.05.22"]
[SourceVersion "1"]
[SourceVersionDate "2023.05.29"]
[SourceQuality "1"]

1. e4 c5 2. Nf3 d6 3. d4 cxd4 4. Nxd4 Nf6 5. Nc3 a6 6. Bc4 Nbd7 7. O-O e6 8.
Bxe6 fxe6 9. Nxe6 Qb6 10. Nd5 Nxd5 11. exd5 Nc5 12. Ng5 Bf5 13. Qf3 Bg6 14.
Re1+ Be7 15. b4 Nd7 16. Be3 Qxb4 17. Ne6 Ne5 18. Qh3 Qg4 19. Qxg4 Nxg4 20. Nc7+
Kd7 21. Nxa8 Rxa8 22. Bd4 Bf6 23. Bxf6 Nxf6 24. c4 Rc8 25. Rac1 Bd3 26. Re3
Bxc4 27. Rg3 g6 28. Rf3 Nxd5 29. Rf7+ Ne7 30. Rxh7 d5 31. a3 b5 32. g4 d4 33.
f4 d3 34. Re1 Be6 35. Kf2 Rc4 36. f5 gxf5 37. gxf5 Rf4+ 38. Ke3 Rxf5 39. Kxd3
Rf3+ 40. Ke4 Rxa3 41. Rd1+ Ke8 42. Ke5 Bg8 43. Rh6 Bd5 44. Rxd5 Nxd5 45. Kxd5
a5 46. Rb6 Rb3 47. Ke6 Kf8 48. Kf6 Rf3+ 49. Ke6 b4 50. Rb5 Ra3 51. Kd5 b3 52.
Kc4 a4 53. Kc3 Ra2 54. Rb4 Ke7 55. h4 Kd6 56. Rd4+ Kc5 57. Rc4+ Kb5 58. Rb4+
Ka5 59. Rb8 Rc2+ 60. Kd3 Rh2 61. Kc3 Rxh4 62. Ra8+ Kb6 63. Rb8+ Ka7 64. Rg8
Rh3+ 65. Kb2 Rh2+ 66. Kb1 Kb6 67. Rg5 Rc2 68. Rg1 Kb5 69. Rf1 Kb4 70. Rg1 a3
71. Rg4+ Rc4 72. Rg8 a2+ 0-1

[Event "Madrid ch 2022-2023 Final"]
[Site "Madrid ESP"]
[Date "2023.05.22"]
[Round "1.7"]
[White "Longa Yauca, Javier"]
[Black "Moreno Lopez, Avelino"]
[Result "1-0"]
[WhiteElo "2216"]
[BlackElo "2008"]
[PlyCount "85"]
[EventDate "2023.05.22"]
[EventType "swiss"]
[EventRounds "7"]
[SourceTitle "Ajedrez en Madrid"]
[Source "lmi"]
[SourceDate "2023.05.22"]
[SourceVersion "1"]
[SourceVersionDate "2023.05.29"]
[SourceQuality "1"]

1. c4 e5 2. Nc3 Nf6 3. e4 c5 4. d3 d6 5. Nge2 Nc6 6. h3 Be7 7. g3 h5 8. Bg2 Nd4
9. Bg5 Ng8 10. Be3 h4 11. g4 Nf6 12. Qd2 Qa5 13. O-O-O Rb8 14. Kb1 a6 15. f4 b5
16. g5 Nh5 17. f5 bxc4 18. dxc4 Qb4 19. Rhe1 Qxc4 20. Bxd4 cxd4 21. Nd5 Bd8 22.
Nc1 Ng3 23. Nd3 Bd7 24. Rc1 Qa4 25. f6 g6 26. Ka1 Ba5 27. b4 Bd8 28. Nb2 Qb5
29. Nc4 O-O 30. Nxd6 Qa4 31. Nc4 a5 32. Nxe5 axb4 33. Rc4 Be6 34. Qxd4 Ba5 35.
Nc6 Bxd5 36. exd5 Rfe8 37. Ne7+ Kh7 38. Qxh4+ Nh5 39. Bf3 Rxe7 40. fxe7 Qa3 41.
Bxh5 b3 42. Bxg6+ Kxg6 43. Qh6+ 1-0

[Event "Madrid ch 2022-2023 Final"]
[Site "Madrid ESP"]
[Date "2023.05.22"]
[Round "1.8"]
[White "Ruiz Vazquez, Javier"]
[Black "Martinez Fernandez, Raul"]
[Result "0-1"]
[WhiteElo "1983"]
[BlackElo "2190"]
[PlyCount "50"]
[EventDate "2023.05.22"]
[EventType "swiss"]
[EventRounds "7"]
[SourceTitle "Ajedrez en Madrid"]
[Source "lmi"]
[SourceDate "2023.05.22"]
[SourceVersion "1"]
[SourceVersionDate "2023.05.29"]
[SourceQuality "1"]

1. e4 e5 2. Nf3 Nc6 3. Bc4 Nf6 4. d4 exd4 5. e5 d5 6. Bb5 Ne4 7. Nxd4 Bc5 8.
Be3 O-O 9. O-O Nxe5 10. c3 c6 11. Be2 Qh4 12. f3 Nf6 13. Qd2 Nc4 14. Bxc4 dxc4
15. Kh1 Nd5 16. Bf2 Qh5 17. Na3 Bd6 18. Bg1 Bf4 19. Qe2 c5 20. Ndc2 b6 21. Rad1
Nf6 22. Qxc4 Qh6 23. Qe2 Nh5 24. Bf2 Bxh2 25. g3 Nf4 0-1

[Event "Madrid ch 2022-2023 Final"]
[Site "Madrid ESP"]
[Date "2023.05.22"]
[Round "1.9"]
[White "Torres Boch, Jose Francisco"]
[Black "Estevez Sacristan, Deva"]
[Result "1-0"]
[WhiteElo "2139"]
[BlackElo "1978"]
[PlyCount "57"]
[EventDate "2023.05.22"]
[EventType "swiss"]
[EventRounds "7"]
[SourceTitle "Ajedrez en Madrid"]
[Source "lmi"]
[SourceDate "2023.05.22"]
[SourceVersion "1"]
[SourceVersionDate "2023.05.29"]
[SourceQuality "1"]

1. e4 c5 2. Nf3 Nc6 3. d4 cxd4 4. Nxd4 g6 5. Nc3 Bg7 6. Be3 Nf6 7. Bc4 Qa5 8.
O-O O-O 9. Bb3 d6 10. h3 Bd7 11. Re1 Rac8 12. Nf3 Qh5 13. Bf4 a6 14. Nd5 Ne8
15. Bg5 Ne5 16. Nxe5 Qxd1 17. Raxd1 Bxe5 18. Nxe7+ Kg7 19. Nxc8 Bxc8 20. c3 f6
21. Be3 g5 22. g3 f5 23. Bxg5 fxe4 24. Rxe4 h6 25. Be7 Rf5 26. f4 Bf6 27. g4
Rc5 28. Bxf6+ Nxf6 29. Re7+ 1-0

[Event "Madrid ch 2022-2023 Final"]
[Site "Madrid ESP"]
[Date "2023.05.22"]
[Round "1.10"]
[White "Lozano Freras, Sergio"]
[Black "De La Puerta Cresis, Javier"]
[Result "0-1"]
[WhiteElo "1971"]
[BlackElo "2138"]
[PlyCount "74"]
[EventDate "2023.05.22"]
[EventType "swiss"]
[EventRounds "7"]
[SourceTitle "Ajedrez en Madrid"]
[Source "lmi"]
[SourceDate "2023.05.22"]
[SourceVersion "1"]
[SourceVersionDate "2023.05.29"]
[SourceQuality "1"]

1. e4 c5 2. c3 Nf6 3. e5 Nd5 4. Nf3 d6 5. exd6 e6 6. g3 Bxd6 7. Bg2 O-O 8. O-O
Nc6 9. d4 cxd4 10. cxd4 b5 11. Nc3 Nxc3 12. bxc3 Bb7 13. Qd3 a6 14. Ng5 g6 15.
Qe4 Qf6 16. Qh4 Qg7 17. Qh3 Rfd8 18. d5 exd5 19. Bxd5 Be7 20. Bg2 Na5 21. Be3
Bxg2 22. Kxg2 Nc4 23. Bf4 h6 24. Nxf7 Qxf7 25. Qxh6 Qh7 26. Qxh7+ Kxh7 27. Rfe1
Bf6 28. Re6 Kg7 29. Rae1 Kf7 30. Rc6 Rdc8 31. Bc7 Bd8 32. Rd1 Ne5 33. Rc5 Bxc7
34. f4 Ke6 35. fxe5 Bxe5 36. Rdd5 Rxc5 37. Rxc5 Kd6 0-1

[Event "Madrid ch 2022-2023 Final"]
[Site "Madrid ESP"]
[Date "2023.05.22"]
[Round "1.11"]
[White "Nuñez Miranda, Adrian"]
[Black "Gaibor Gallardo, Gonzalo"]
[Result "1-0"]
[WhiteElo "2127"]
[BlackElo "1923"]
[PlyCount "39"]
[EventDate "2023.05.22"]
[EventType "swiss"]
[EventRounds "7"]
[SourceTitle "Ajedrez en Madrid"]
[Source "lmi"]
[SourceDate "2023.05.22"]
[SourceVersion "1"]
[SourceVersionDate "2023.05.29"]
[SourceQuality "1"]

1. e4 c6 2. d4 d5 3. f3 e6 4. Nc3 dxe4 5. fxe4 Nf6 6. Nf3 Bb4 7. Bd3 Nbd7 8. e5
Nd5 9. Bd2 Qa5 10. Nxd5 Bxd2+ 11. Nxd2 cxd5 12. O-O g6 13. Nb3 Qd8 14. Qd2 a6
15. Rf3 f5 16. exf6 O-O 17. Raf1 Rxf6 18. Qg5 Kg7 19. Nc5 Nxc5 20. Rxf6 1-0

[Event "Madrid ch 2022-2023 Final"]
[Site "Madrid ESP"]
[Date "2023.05.23"]
[Round "2.1"]
[White "Martinez Fernandez, Raul"]
[Black "Plazuelo Pascual, Juan"]
[Result "0-1"]
[WhiteElo "2190"]
[BlackElo "2459"]
[PlyCount "92"]
[EventDate "2023.05.22"]
[EventType "swiss"]
[EventRounds "7"]
[SourceTitle "Ajedrez en Madrid"]
[Source "lmi"]
[SourceDate "2023.05.22"]
[SourceVersion "1"]
[SourceVersionDate "2023.05.29"]
[SourceQuality "1"]

1. e4 c5 2. Nf3 d6 3. Bb5+ Nd7 4. O-O a6 5. Bd3 Ngf6 6. c3 b5 7. a4 Bb7 8. axb5
axb5 9. Rxa8 Qxa8 10. Bxb5 Bxe4 11. d3 Bxf3 12. Qxf3 Qxf3 13. gxf3 e6 14. d4
cxd4 15. cxd4 Be7 16. Bd2 O-O 17. Nc3 Nb6 18. Ra1 Rb8 19. Ra2 h6 20. Kf1 Kf8
21. Ke2 Nh5 22. Ne4 Nd5 23. Bc6 Nhf4+ 24. Bxf4 Nxf4+ 25. Kd2 f5 26. Ng3 Rb6 27.
d5 exd5 28. Ba4 g6 29. Ne2 Bg5 30. b3 Ne6+ 31. Kd1 d4 32. Kc2 Rb4 33. Nc1 Bxc1
34. Kxc1 Nc5 35. Kc2 Ke7 36. Kb2 Kf6 37. Ka3 Rb6 38. b4 Nd3 39. b5 Ke5 40. Rd2
Nc5 41. Kb4 d3 42. Bd1 Kd4 43. Ra2 Rb8 44. Ra7 d2 45. Ra2 Nd3+ 46. Ka3 Ra8+ 0-1

[Event "Madrid ch 2022-2023 Final"]
[Site "Madrid ESP"]
[Date "2023.05.23"]
[Round "2.2"]
[White "De La Puerta Cresis, Javier"]
[Black "Suarez Uriel, Adrian"]
[Result "1-0"]
[WhiteElo "2138"]
[BlackElo "2371"]
[PlyCount "63"]
[EventDate "2023.05.22"]
[EventType "swiss"]
[EventRounds "7"]
[SourceTitle "Ajedrez en Madrid"]
[Source "lmi"]
[SourceDate "2023.05.22"]
[SourceVersion "1"]
[SourceVersionDate "2023.05.29"]
[SourceQuality "1"]

1. d4 d5 2. c4 e6 3. Nf3 a6 4. cxd5 exd5 5. Bg5 Be7 6. Bxe7 Qxe7 7. Nc3 Nf6 8.
e3 O-O 9. Bd3 Bg4 10. Qb3 Bxf3 11. gxf3 c6 12. O-O Ne8 13. e4 Nd6 14. Rae1 Qg5+
15. Kh1 Qf6 16. Qd1 Qh4 17. Qd2 Nb5 18. exd5 Nxc3 19. bxc3 cxd5 20. Rg1 Nc6 21.
Rg5 Qh6 22. Reg1 f6 23. R5g3 g5 24. f4 Kh8 25. fxg5 fxg5 26. Rxg5 Qf6 27. Bxh7
Qf3+ 28. R1g2 Rae8 29. Be4 Rxe4 30. Rg8+ Kh7 31. R8g7+ Kh8 32. Qh6# 1-0

[Event "Madrid ch 2022-2023 Final"]
[Site "Madrid ESP"]
[Date "2023.05.23"]
[Round "2.3"]
[White "Neagu, Roberto Florin"]
[Black "Torres Boch, Jose Francisco"]
[Result "1-0"]
[WhiteElo "2278"]
[BlackElo "2139"]
[PlyCount "87"]
[EventDate "2023.05.22"]
[EventType "swiss"]
[EventRounds "7"]
[SourceTitle "Ajedrez en Madrid"]
[Source "lmi"]
[SourceDate "2023.05.22"]
[SourceVersion "1"]
[SourceVersionDate "2023.05.29"]
[SourceQuality "1"]

1. g3 Nf6 2. Bg2 d5 3. c4 e6 4. Nf3 Be7 5. O-O O-O 6. b3 b6 7. cxd5 exd5 8. Bb2
Bb7 9. d4 Nbd7 10. Nc3 Rc8 11. Rc1 Re8 12. Qc2 Bb4 13. e3 Ba6 14. Rfd1 Qe7 15.
Ne5 c6 16. Bh3 Bxc3 17. Qxc3 Nxe5 18. dxe5 Ne4 19. Qc2 Rc7 20. Rxd5 Ng5 21. Bg2
Bb7 22. Rd6 f6 23. Bd5+ Nf7 24. Re6 Qxe6 25. Bxe6 Rxe6 26. Qf5 Bc8 27. exf6
Rxf6 28. Qd3 Rd6 29. Qc4 Be6 30. Qf4 Rcd7 31. b4 Bxa2 32. Bd4 Bd5 33. h4 b5 34.
Ra1 h6 35. Rxa7 Rxa7 36. Bxa7 Rf6 37. Qb8+ Kh7 38. Bd4 Re6 39. Qc7 Kg8 40. f3
h5 41. e4 Bc4 42. Kf2 Rg6 43. Qc8+ Kh7 44. Qf5 1-0

[Event "Madrid ch 2022-2023 Final"]
[Site "Madrid ESP"]
[Date "2023.05.23"]
[Round "2.4"]
[White "Rey Martinez, Jaime"]
[Black "Nuñez Miranda, Adrian"]
[Result "1-0"]
[WhiteElo "2217"]
[BlackElo "2127"]
[PlyCount "67"]
[EventDate "2023.05.22"]
[EventType "swiss"]
[EventRounds "7"]
[SourceTitle "Ajedrez en Madrid"]
[Source "lmi"]
[SourceDate "2023.05.22"]
[SourceVersion "1"]
[SourceVersionDate "2023.05.29"]
[SourceQuality "1"]

1. e4 c5 2. Nf3 Nc6 3. Bb5 g6 4. O-O Bg7 5. c3 e5 6. d4 cxd4 7. cxd4 exd4 8.
Bf4 a6 9. Ba4 Nge7 10. Bd6 O-O 11. Nbd2 b5 12. Bb3 Na5 13. Rc1 Nb7 14. Bc7 Qe8
15. e5 a5 16. Ne4 a4 17. Nf6+ Bxf6 18. exf6 axb3 19. Re1 bxa2 20. fxe7 d6 21.
Nxd4 Bd7 22. b4 Ra6 23. h3 Qa8 24. exf8=Q+ Kxf8 25. Nb3 Be6 26. Na5 Nxa5 27.
bxa5 Ke7 28. Bb6 Rxa5 29. Rc7+ Kf8 30. Qxd6+ Kg8 31. Bxa5 Qxa5 32. Qd8+ Kg7 33.
Rxf7+ Kxf7 34. Qxa5 1-0

[Event "Madrid ch 2022-2023 Final"]
[Site "Madrid ESP"]
[Date "2023.05.23"]
[Round "2.5"]
[White "Carela Ferrer, Francisco Javier"]
[Black "Longa Yauca, Javier"]
[Result "0-1"]
[WhiteElo "1869"]
[BlackElo "2216"]
[PlyCount "126"]
[EventDate "2023.05.22"]
[EventType "swiss"]
[EventRounds "7"]
[SourceTitle "Ajedrez en Madrid"]
[Source "lmi"]
[SourceDate "2023.05.22"]
[SourceVersion "1"]
[SourceVersionDate "2023.05.29"]
[SourceQuality "1"]

1. e4 e5 2. Nf3 Nc6 3. Bc4 Nf6 4. d3 h6 5. c3 Be7 6. O-O d6 7. Bb3 O-O 8. Nbd2
Kh8 9. Nc4 Be6 10. Ne3 d5 11. exd5 Nxd5 12. Nxd5 Bxd5 13. Qe2 Bf6 14. Be3 Re8
15. Rfd1 Bxb3 16. axb3 Nd4 17. cxd4 exd4 18. Nxd4 Bxd4 19. Qf3 Bxe3 20. fxe3 c6
21. Qxf7 Re7 22. Qf2 Qb6 23. Re1 Qxb3 24. Rxa7 Rxa7 25. Qf8+ Kh7 26. Qxe7 Qxd3
27. Qc5 Ra4 28. e4 Qd4+ 29. Qxd4 Rxd4 30. Kf2 Rd2+ 31. Re2 Rxe2+ 32. Kxe2 Kg6
33. Kd3 Kf6 34. Kd4 b6 35. e5+ Ke6 36. Ke4 c5 37. h3 h5 38. h4 b5 39. Kf4 Kd5
40. Kf5 c4 41. e6 Kd6 42. e7 Kxe7 43. Ke5 b4 44. Kd4 c3 45. bxc3 bxc3 46. Kxc3
Ke6 47. Kd4 Kf5 48. Ke3 Kg4 49. Kf2 Kxh4 50. Kg1 Kg3 51. Kh1 g5 52. Kg1 g4 53.
Kh1 Kf2 54. Kh2 Ke2 55. Kh1 Kf1 56. Kh2 h4 57. Kh1 h3 58. g3 Kf2 59. Kh2 Kf3
60. Kh1 Kxg3 61. Kg1 Kh4 62. Kh1 g3 63. Kg1 g2 0-1

[Event "Madrid ch 2022-2023 Final"]
[Site "Madrid ESP"]
[Date "2023.05.23"]
[Round "2.6"]
[White "Barraza Caracuel, Ignacio"]
[Black "Rodriguez Avila, Alvaro"]
[Result "1/2-1/2"]
[WhiteElo "2042"]
[BlackElo "2114"]
[PlyCount "81"]
[EventDate "2023.05.22"]
[EventType "swiss"]
[EventRounds "7"]
[SourceTitle "Ajedrez en Madrid"]
[Source "lmi"]
[SourceDate "2023.05.22"]
[SourceVersion "1"]
[SourceVersionDate "2023.05.29"]
[SourceQuality "1"]

1. Nf3 d5 2. g3 g6 3. Bg2 Bg7 4. d4 Nf6 5. O-O O-O 6. b3 c5 7. e3 Nc6 8. Bb2
Ne4 9. Nbd2 Bg4 10. h3 Nxd2 11. Qxd2 Bxf3 12. Bxf3 e6 13. Rfd1 cxd4 14. exd4 a5
15. c4 a4 16. c5 Na5 17. Qd3 Qf6 18. Kg2 Qf5 19. Qxf5 gxf5 20. b4 Nc4 21. Bc3
Rfc8 22. Rac1 Bh6 23. Ra1 Nd6 24. Be2 Ne4 25. Be1 Bg7 26. f3 Nf6 27. Bc3 Nd7
28. Bb5 Nb8 29. Rab1 Nc6 30. Bxc6 Rxc6 31. Rd3 Kf8 32. b5 Rcc8 33. Bb4 Ke8 34.
Rc1 Kd7 35. a3 h5 36. f4 Bf6 37. h4 Rg8 38. Kf2 Rac8 39. Be1 Rc7 40. Ba5 Rcc8
41. Be1 1/2-1/2

[Event "Madrid ch 2022-2023 Final"]
[Site "Madrid ESP"]
[Date "2023.05.23"]
[Round "2.7"]
[White "Moreno Ruiz, Javier"]
[Black "Horcajuelo Rocamora, Martin"]
[Result "1-0"]
[WhiteElo "2430"]
[BlackElo "2274"]
[PlyCount "73"]
[EventDate "2023.05.22"]
[EventType "swiss"]
[EventRounds "7"]
[SourceTitle "Ajedrez en Madrid"]
[Source "lmi"]
[SourceDate "2023.05.22"]
[SourceVersion "1"]
[SourceVersionDate "2023.05.29"]
[SourceQuality "1"]

1. d4 d5 2. c4 e6 3. Nc3 Be7 4. cxd5 exd5 5. Bf4 Nf6 6. e3 Bf5 7. Qb3 Nc6 8. a3
Na5 9. Qa4+ c6 10. Nf3 b5 11. Bxb5 Qb6 12. b4 cxb5 13. Qxa5 Qxa5 14. bxa5 a6
15. Ke2 Bd8 16. Bd6 Bxa5 17. Bb4 Bd8 18. Ne5 Be6 19. a4 bxa4 20. Nxa4 Bc7 21.
Rhc1 Rb8 22. Ba3 Bxe5 23. dxe5 Ne4 24. f3 Bd7 25. fxe4 Bxa4 26. Bd6 Bb5+ 27.
Kd2 Rd8 28. exd5 f6 29. e4 fxe5 30. Bxe5 O-O 31. Ke3 Rd7 32. Rc7 Rxc7 33. Bxc7
Rc8 34. Rc1 a5 35. Kd4 a4 36. Rc5 Bf1 37. d6 1-0

[Event "Madrid ch 2022-2023 Final"]
[Site "Madrid ESP"]
[Date "2023.05.23"]
[Round "2.8"]
[White "Centeno Mendoza, Julio Stefano"]
[Black "Ruiz Vazquez, Javier"]
[Result "1-0"]
[WhiteElo "2148"]
[BlackElo "1983"]
[PlyCount "71"]
[EventDate "2023.05.22"]
[EventType "swiss"]
[EventRounds "7"]
[SourceTitle "Ajedrez en Madrid"]
[Source "lmi"]
[SourceDate "2023.05.22"]
[SourceVersion "1"]
[SourceVersionDate "2023.05.29"]
[SourceQuality "1"]

1. e4 c5 2. c3 Nf6 3. e5 Nd5 4. Bc4 Nb6 5. Bb3 c4 6. Bc2 d6 7. exd6 Qxd6 8. b3
g6 9. Na3 cxb3 10. axb3 Bg7 11. Ne2 O-O 12. O-O e5 13. d4 a6 14. Nc4 Nxc4 15.
bxc4 Qc7 16. Bb3 Rd8 17. d5 Nd7 18. Be3 Nc5 19. Bc2 f5 20. Nc1 f4 21. Bxc5 Qxc5
22. Qe2 Bf5 23. Nb3 Qc8 24. Be4 Bxe4 25. Qxe4 f3 26. gxf3 Rf8 27. d6 Kh8 28.
Rfd1 Rf4 29. d7 Qd8 30. Qxb7 Qg5+ 31. Kf1 Rd8 32. Nc5 Qe7 33. Qd5 Rf6 34. Nb7
Rf4 35. Nxd8 Qxd8 36. Rxa6 1-0

[Event "Madrid ch 2022-2023 Final"]
[Site "Madrid ESP"]
[Date "2023.05.23"]
[Round "2.9"]
[White "Fernandez Rosado, Roberto"]
[Black "Lozano Freras, Sergio"]
[Result "1-0"]
[WhiteElo "2126"]
[BlackElo "1971"]
[PlyCount "133"]
[EventDate "2023.05.22"]
[EventType "swiss"]
[EventRounds "7"]
[SourceTitle "Ajedrez en Madrid"]
[Source "lmi"]
[SourceDate "2023.05.22"]
[SourceVersion "1"]
[SourceVersionDate "2023.05.29"]
[SourceQuality "1"]

1. e4 d6 2. d4 Nf6 3. Nc3 e5 4. Nf3 Nbd7 5. Bc4 Be7 6. O-O O-O 7. Re1 c6 8. a4
h6 9. Ba2 Re8 10. h3 a5 11. Be3 exd4 12. Nxd4 Nc5 13. Qf3 Bf8 14. Bf4 Ne6 15.
Bxe6 Bxe6 16. Rad1 Qb6 17. e5 dxe5 18. Bxe5 Bd5 19. Qd3 Nd7 20. Nxd5 cxd5 21.
Nf3 Nxe5 22. Nxe5 Qf6 23. Qd4 Rac8 24. Nf3 Rxe1+ 25. Nxe1 Qxd4 26. Rxd4 Rc4 27.
Rxc4 dxc4 28. Kf1 f6 29. Nf3 Kf7 30. Nd2 c3 31. bxc3 Bc5 32. Nb3 Bb6 33. Ke2
Ke6 34. c4 g5 35. c5 Bc7 36. Kd3 Kd5 37. c4+ Ke5 38. Nd4 f5 39. Nf3+ Kf4 40.
Kd4 g4 41. Ng1 Kg5 42. hxg4 fxg4 43. Kd5 h5 44. g3 h4 45. gxh4+ Kxh4 46. Ke4
Kg5 47. Ne2 Kf6 48. Nd4 Ke7 49. Kd5 Bh2 50. Nf5+ Kd7 51. Ne3 g3 52. fxg3 Bxg3
53. Ng4 Kc7 54. Nf6 Bh2 55. Ne8+ Kd7 56. Nd6 Ke7 57. Nb5 Kd7 58. Nd4 Bf4 59.
c6+ bxc6+ 60. Nxc6 Bd2 61. Kc5 Be3+ 62. Kb5 Kc7 63. Nxa5 Kd6 64. Nb3 Kc7 65. c5
Kb7 66. Na5+ Kc7 67. Nc4 1-0